• 首页
  • 本馆介绍
  • 公告通知
  • 最新文献
  • 馆藏检索
  • 电子资源
  • 读者导购
  • 参考咨询
  • 我的图书馆
  • 登录
  • 详细信息显示
  • 放入我的书架
  • 预约/预借图书
  • 作者相关作品
  • 分类相关作品
  • 丛书相关作品
  • 出版社相关作品

书目信息

  • 表格格式
  • 工作单格式
  • 卡片格式
题名:
中外新闻传播史纲要
    
 
作者: 谢金文 著
分册:  
出版信息: 北京   北京大学出版社  2013
页数: 289页
开本: 23cm
丛书名: 21世纪新闻与传播学规划教材
单 册:
中图分类: G219.19-43
科图分类:
主题词: 新闻事业史--xin wen shi ye shi--世界--高等学校--教材
电子资源:
ISBN: 978-7-301-22955-2
000 01146cam 2200289 450
001 012001003248
005 20131012143741.0
010    @a978-7-301-22955-2@dCNY36.00
099    @aCAL 012013120097
100    @a20131016d2013 em y0chiy50 ea
101 0  @achi
102    @aCN@b110000
105    @ay z 000yy
106    @ar
200 1  @a中外新闻传播史纲要@Azhong wai xin wen chuan bo shi gang yao@d= Brief history of news communication@f谢金文著@zeng
210    @a北京@c北京大学出版社@d2013
215    @a289页@d23cm
225 2  @a21世纪新闻与传播学规划教材@A21 shi ji xin wen yu chuan bo xue gui hua jiao cai@i核心课程系列
300    @a普通高等教育“十二五”规划教材
330    @a本书对中外新闻传播史进行了全景式鸟瞰。作者着重于基本事实和主要观点的阐述,同时融入最新发展状况和研究成果,体例严谨、行文简洁。
410  0 @12001@a21世纪新闻与传播学规划教材@i核心课程系列
510 1  @aBrief history of news communication@zeng
606 0  @a新闻事业史@Axin wen shi ye shi@y世界@x高等学校@j教材
690    @aG219.19-43@v5
701  0 @a谢金文@Axie jin wen@4著
801    @b江苏凤凰@c20191020
905    @b1232389-94@dG219.19-43@e778@f6
    
    中外新闻传播史纲要= Brief history of news communication/谢金文著.-北京:北京大学出版社,2013
    289页;23cm.-(21世纪新闻与传播学规划教材.核心课程系列)
    普通高等教育“十二五”规划教材
    
    ISBN 978-7-301-22955-2:CNY36.00
    本书对中外新闻传播史进行了全景式鸟瞰。作者着重于基本事实和主要观点的阐述,同时融入最新发展状况和研究成果,体例严谨、行文简洁。
●
相关链接 在E读中查询图书 在五车中查询图书 在当当中查询图书 在豆瓣中查询图书


正题名:中外新闻传播史纲要     索取号:G219.19-43/778         预约/预借

序号 登录号 条形码 馆藏地/架位号 状态 备注
1 1232389   212323895   第一样本阅览室/ [索取号:G219.19-43/778] 在馆    
2 1232390   212323902   教育系资料室/ [索取号:G219.19-43/778] 在馆    
3 1232391   212323911   教育系资料室/ [索取号:G219.19-43/778] 在馆    
4 1232392   212323920   教育系资料室/ [索取号:G219.19-43/778] 在馆    
5 1232393   212323939   第四借阅区/ [索取号:G219.19-43/778] 在馆    
6 1232394   212323948   第四借阅区/ [索取号:G219.19-43/778] 在馆    
唐山师范学院图书馆 欢迎您!
大连网信软件有限公司© 版权所有